000 00553nam a22002057a 4500
005 20240903094533.0
008 240902b |||||||| |||| 00| 0 eng d
020 _a9788192493855
_cRs. 300.00
040 _aMAIN
082 _a615.85
_bT188C
100 _aTater, Sohan Raj
245 _aCure of diseases by colour therapy
260 _aJaipur
_bEnglish Book House
_c2013
300 _a99
650 _aColor Therapy
650 _aAlternative Medicine
650 _aHolistic Medicine
650 _aTherapeutic Use Of Color
942 _cBK
999 _c356645
_d356645